| 000 -LEADER |
| fixed length control field |
00411 a2200157 4500 |
| 020 ## - INTERNATIONAL STANDARD BOOK NUMBER |
| International Standard Book Number |
9788188803170 |
| 082 ## - DEWEY DECIMAL CLASSIFICATION NUMBER |
| Classification number |
H506 |
| Item number |
REN/T |
| 100 ## - MAIN ENTRY--PERSONAL NAME |
| Personal name |
Renuka Nair |
| 9 (RLIN) |
111096 |
| 245 ## - TITLE STATEMENT |
| Title |
Tapti Pagadandiyon ke raahi/ |
| Statement of responsibility, etc. |
by Renuka Nair |
| 260 ## - PUBLICATION, DISTRIBUTION, ETC. |
| Name of publisher, distributor, etc. |
Aadhar, |
| Place of publication, distribution, etc. |
Haryana: |
| Date of publication, distribution, etc. |
2010. |
| 300 ## - PHYSICAL DESCRIPTION |
| Extent |
132p. |
| 650 ## - SUBJECT ADDED ENTRY--TOPICAL TERM |
| Topical term or geographic name entry element |
Interviews Hindi |
| 9 (RLIN) |
111097 |
| 650 ## - SUBJECT ADDED ENTRY--TOPICAL TERM |
| Topical term or geographic name entry element |
Literature Hindi |
| 9 (RLIN) |
111098 |
| 650 ## - SUBJECT ADDED ENTRY--TOPICAL TERM |
| Topical term or geographic name entry element |
Literature |
| 9 (RLIN) |
111099 |
| 942 ## - ADDED ENTRY ELEMENTS (KOHA) |
| Koha item type |
Book |